000 00686nam a22002417a 4500
003 UA-OsUOA
001 25817
007 ta
008 20040428b un ||||| |||| 00| 0 ukr d
090 _a368(075)
_bС83
942 _cBK
040 _aUA-OsUOA
_bukr
_cUA-OsUOA
_dUA-OsUOA
245 _aСтрахові послуги
_bНавчально-методичний посібник для самостійного вивчення дисципліни
_cРед. Т.М.Артюх
300 _a124 с.
955 _a0
041 _aukr
080 _a368(075)
020 _a966-574-188-8
260 _aКиїв
_bКНЕУ
_c2000
044 _aUA
650 7 _2UDC
999 _c312120
_d312120